قطاع غزة 19 عاما من الإحتلال / (رقم التسجيلة. 55345)
[ عرض عادي ]
| 000 -LEADER | |
|---|---|
| fixed length control field | 00524nam a22001697a 4500 |
| 005 - DATE AND TIME OF LATEST TRANSACTION | |
| control field | 20251108171041.0 |
| 008 - FIXED-LENGTH DATA ELEMENTS--GENERAL INFORMATION | |
| fixed length control field | 250721s1987 xx 000 0 ara d |
| 082 14 - DEWEY DECIMAL CLASSIFICATION NUMBER | |
| Classification number | 956.47/عبد |
| 100 1# - MAIN ENTRY--PERSONAL NAME | |
| Personal name | الحوراني، عبد الله أحمد |
| 245 10 - TITLE STATEMENT | |
| Title | قطاع غزة 19 عاما من الإحتلال / |
| 264 1# - PRODUCTION, PUBLICATION, DISTRIBUTION, MANUFACTURE, AND COPYRIGHT NOTICE | |
| Place of production, publication, distribution, manufacture | عمان : |
| Name of producer, publisher, distributor, manufacturer | دار الكرمل للنشر و التوزيع، |
| Date of production, publication, distribution, manufacture, or copyright notice | 1987. |
| 300 ## - PHYSICAL DESCRIPTION | |
| Extent | 217ص. |
| 650 17 - SUBJECT ADDED ENTRY--TOPICAL TERM | |
| Topical term or geographic name as entry element | تاريخ فلسطين |
| 650 17 - SUBJECT ADDED ENTRY--TOPICAL TERM | |
| Topical term or geographic name as entry element | قطاع غزة |
| 942 ## - ADDED ENTRY ELEMENTS (KOHA) | |
| Source of classification or shelving scheme | Dewey Decimal Classification |
| Koha item type | كتب |
| حالة السحب | حالة الفقدان | مصدر التصنيف | حالة التلف | غير قابل للإعارة | المكتبة الرئيسية | المكتبة الحالية | موقع الرف | تاريخ التزويد | الرقم المتسلسل | Total Checkouts | رقم الإستدعاء | تاريخ آخر ظهور | تاريخ الفاتورة | نوع المادة (كوها) | الباركود |
|---|---|---|---|---|---|---|---|---|---|---|---|---|---|---|---|
| Dewey Decimal Classification | مكتبة الأميرة ايمان العامة | مكتبة الأميرة ايمان العامة | الإعارة | 27/10/2013 | [2174] | 956.47/عبد | 28/07/2025 | 27/10/2013 | كتب | PLD00284172 | |||||
| Dewey Decimal Classification | Unchecked | مكتبة الاميرة بديعة | مكتبة الاميرة بديعة | الإعارة | 06/07/2004 | 579 | 956.47/عبد | 28/07/2025 | 06/07/2004 | كتب | |||||
| Dewey Decimal Classification | Unchecked | مكتبة الجويدة | مكتبة الجويدة | الإعارة | 06/07/2004 | 526 | 956.47/عبد | 28/07/2025 | 06/07/2004 | كتب | |||||
| Dewey Decimal Classification | Unchecked | مكتبة الحسن العامة | مكتبة الحسن العامة | الإعارة | 06/07/2004 | 1108 | 956.47/عبد | 28/07/2025 | 06/07/2004 | كتب | |||||
| Dewey Decimal Classification | مكتبة النصر العامة | مكتبة النصر العامة | الإعارة | 18/03/2015 | [ 990 ]] | 956.47/عبد | 28/07/2025 | 18/03/2015 | كتب | PLD00377937 | |||||
| Dewey Decimal Classification | مكتبة النصر العامة | مكتبة النصر العامة | الإعارة | 18/03/2015 | [ 6576 ] | 956.47/عبد | 28/07/2025 | 18/03/2015 | كتب | PLD00377941 | |||||
| Dewey Decimal Classification | Unchecked | مكتبة صويلح العامة | مكتبة صويلح العامة | الإعارة | 06/07/2004 | 499 | 956.47/عبد | 28/07/2025 | 06/07/2004 | كتب | |||||
| Dewey Decimal Classification | مكتبة صويلح العامة | مكتبة صويلح العامة | الإعارة | 01/03/1996 | 8671 | 956.47/عبد | 28/07/2025 | 01/03/1996 | كتب | PLD00456209 | |||||
| Dewey Decimal Classification | مكتبة وادي السير العامة | مكتبة وادي السير العامة | الإعارة | 13/04/2016 | [562]. | 956.47/عبد | 28/07/2025 | 13/04/2016 | كتب | PLD00386157 |